000 00709nam a2200241 4500
003 OSt
005 20240703054738.0
006 a
008 240703b |||||||| |||| 00| 0 eng d
020 _a971085514
040 _aDWCL-Main lib.
_cOC
082 _2Revised edition
_aFil. 658.81 Ar662s 1993
100 _aArante, Lilia B.
245 _aSalesmanship /
250 _aRevised edition
260 _aMandaluyong City :
_bNational Book Store,
_cc1993.
300 _axi,
_b213 p. : ill. ;
_c23 cm.
504 _aIncludes bibliographical references and index.
650 _a1. Selling.
650 _a2. Marketing.
650 _a3. Sales management.
942 _2ddc
_n0
_cBK - FIL
_eRevised edition
_kFil.
999 _c1872
_d1872